| 000 | 01586cam a22003495i 4500 | ||
|---|---|---|---|
| 001 | 18516533 | ||
| 005 | 20161024102007.0 | ||
| 008 | 150305s2015 nyua fr 001 0 eng d | ||
| 010 | _a 2015935255 | ||
| 020 | _a9780198723073 | ||
| 020 | _a0198723075 | ||
| 040 |
_aDLC _beng _cDLC _dEG-ScBUE |
||
| 042 | _apcc | ||
| 082 |
_222 _a332.7 _bHAH |
||
| 100 | 1 |
_a Hahn, L. Albert, _d1889-1968 _941602 |
|
| 245 | 1 | 0 |
_aEconomic theory of bank credit / _cL. Albert Hahn ; translated by Clemens Matt ; introduction by Harald Hagemann. |
| 260 |
_aOxford ; _aNew York : _bOxford University Press, _c2015. |
||
| 300 |
_axlii, 195 p. : _bill. ; _c22 cm. |
||
| 500 | _aIndex : p. 189-195. | ||
| 504 | _aIncludes bibliographical references. | ||
| 520 | _aEconomic Theory of Bank Credit' is a clear exposition of a theory of credit, standing in the tradition of Harley Withers, Henry Macleod, and Knut Wicksell. A theory of credit recognises that banks are not only intermediaries of savings but in fact create money themselves. This idea is paired with a detailed accountof the technical processes of the banking sector. | ||
| 590 | _aWessam | ||
| 650 | 7 |
_aCredit. _2BUEsh _932160 |
|
| 650 | 7 |
_aBanks and banking. _2BUEsh _95607 |
|
| 651 | _2BUEsh | ||
| 653 |
_bBUSECO _cOctober2016 |
||
| 653 |
_bBUSADM _cOctober2016 |
||
| 700 | 1 |
_aMatt, Clemens _etranslator. _941600 |
|
| 700 | 1 |
_aHagemann, Harald _eauthor of introduction, etc. _941601 |
|
| 856 | 4 | 1 |
_3Table of contents only _uhttp://www.loc.gov/catdir/enhancements/fy1604/2015935255-t.html |
| 942 |
_2ddc _e22 _k332.7 HAH |
||
| 999 |
_c22810 _d22782 |
||